| 000 | 00860nam a22002417a 4500 | ||
|---|---|---|---|
| 001 | 35004 | ||
| 003 | UA-OsUOA | ||
| 005 | 20220209182802.0 | ||
| 007 | ta | ||
| 008 | 20051104b un ||||| |||| 00| 0 ukr d | ||
| 020 | _a5713310612 | ||
| 040 |
_aUA-OsUOA _brus _cUA-OsUOA _dUA-OsUOA |
||
| 041 | _arus | ||
| 080 | _a23/28/038/ | ||
| 090 |
_a23/28/038/ _bХ93 |
||
| 100 | _aПоташинская Н. Н. | ||
| 245 |
_aХристианство: слова и выраження на английском, французском, немецком, испанском, итальяанском, русском языках _bсловарь |
||
| 260 |
_aМ. _bМеждународные Отношення _c2001 |
||
| 300 | _a560 с. | ||
| 650 | 7 |
_a23/28 Християнство. Християнська релігія _2UDC |
|
| 942 |
_cBK _2udc |
||
| 955 | _a2 | ||
| 999 |
_c313839 _d313839 |
||